000 00436nam a2200157 4500
001 133193
003 ES-MaACL
005 20230906194338.0
007 t|
008 070214s1957 sp r ||||1| spa d
100 1 _aRubio-Argüelles, Angeles.
_9100384
245 1 0 _aVidas que fueron /
_cpor Angeles Rubio-Argüelles.
260 _aMálaga :
_bA. R. A.,
_c1957.
300 _a359 p. ;
_c21 cm.
852 _aES-MaACL
_jC-12495
_bR.40576
999 _c133193
_d133193